Clubs ayant gagnés la coupe de France de football au moins 2 fois - Statistiques

Statistiques générales
  • Ce quiz a été pris 473 fois
  • Le résultat moyen est 12 sur 22
Statistiques - réponses
Coupes gagnées Club % Correct
10 Marseille
94%
5 Lyon
87%
3 Nantes
84%
6 Saint-étienne
83%
4 Bordeaux
77%
5 Monaco
77%
2 Rennes
74%
3 Nice
72%
3 Strasbourg
65%
2 Reims
63%
4 Auxerre
60%
2 Sochaux
51%
2 Metz
49%
10 (*) Paris SG
46%
2 Guingamp
42%
5 Red Star
41%
2 Sedan
28%
2 Sète
27%
5 (*) RC Paris
19%
6 (**) Lille OSC
15%
2 (**) Montpellier Herault
1%
2 (*) CASG Paris
0%
Aucun quiz correspondant
Distribution des résultats
% des personnes avec chaque résultat
Percentile par nombre de réponses
Votre historique - résultats
Vous n’avez pas pris ce quiz